| 000 | 00509nam a2200181Ia 4500 | ||
|---|---|---|---|
| 003 | GCL | ||
| 008 | 140319s9999 xx 000 0 ara d | ||
| 040 |
_aGCL / _cGCL |
||
| 082 | 0 | 4 |
_a811.064 _bع ط |
| 100 | 1 | _aعلى شلش | |
| 245 | 1 | 0 |
_aالطعم فى الشعر العربى / _cعلى شلش |
| 700 | 1 | _aعلى شلبى | |
| 260 |
_a[S.N] : _bدار الاندلس للطباعة والنشر ، _c1984 |
||
| 300 | _a287 ص | ||
| 490 | _a | ||
| 650 | 0 | 4 | _aالشعر الصوفى |
| 942 |
_2ddc _cBK |
||
| 999 |
_c44395 _d44395 |
||